| 000 | 01038nac a22003131i 4500 | ||
|---|---|---|---|
| 003 | EG-ScBUE | ||
| 005 | 20221220111226.0 | ||
| 008 | 221220r19891983maua f b 001 0 eng d | ||
| 020 | _a0674241606 (pbk.) : | ||
| 040 |
_aEG-ScBUE _beng _erda _cEG-ScBUE _dEG-ScBUE |
||
| 043 | _af-ua--- | ||
| 082 | 0 | 4 |
_a732.80740 _222 _bEGY |
| 245 | 0 | 0 |
_aEgyptian sculpture / _cT.G.H. James and W.V. Davies. |
| 250 | _aReprinted edition. | ||
| 264 | 1 |
_aCambridge, Mass. : _bHarvard University Press, _c1989. |
|
| 300 |
_a72 pages : _billustrations (some color) ; _c22 cm |
||
| 336 |
_2rdacontent _atext _btxt |
||
| 337 |
_2rdamedia _aunmediated _bn |
||
| 338 |
_2rdacarrier _avolume _bnc |
||
| 504 | _aIncludes bibliographical references and index. | ||
| 610 | 2 | 7 |
_aBritish Museum. _2BUEsh |
| 650 | 7 |
_aSculpture, Egyptian. _2BUEsh |
|
| 650 | 7 |
_aSculpture _zEngland _zLondon. _2BUEsh |
|
| 653 | _bENGARC | ||
| 655 | _vReading book | ||
| 700 | 1 |
_aJames, T. G. H. _q(Thomas Garnet Henry) _eeditor. |
|
| 700 | 1 |
_aDavies, W. V., _eeditor. |
|
| 942 |
_cBB _2ddc |
||
| 999 |
_c9290 _d9290 |
||